Statistiken für Top 15 Länder mit Covid-19-Todesfällen - 23. November

Klicken Sie hier um das Quiz zu spielen!

Allgemein

  • Dieses Quiz wurde 12 mal gespielt
  • Das Durchschnittsergebnis liegt bei 11 aus 21

Antwortstatistiken

Land% Korrekt
Vereinigte Staaten
100%
Italien
92%
Spanien
92%
Frankreich
83%
Indien
83%
Vereinigtes Königreich
83%
Brasilien
75%
Russland
75%
Belgien
67%
Argentinien
50%
Mexiko
50%
Iran
42%
Chile
33%
Kolumbien
33%
Indonesien
25%
Peru
25%
Bolivien
17%
Bosnien und
Herzegowina
17%
Südafrika
17%
Ecuador
8%
Nordmazedonien
8%

Verteilung der Resultate

Perzentil nach korrekt beantworteten Fragen

Anzahl Personen mit jedem Resultat

Ihre Resultats-Entwicklung

Sie haben dieses Quiz noch nicht gespielt